Fao Yearbook. Fishery and Aquaculture Statistics (Record no. 15723)

000 -LEADER
fixed length control field 00402cam a22001453 4500
020 ## - INTERNATIONAL STANDARD BOOK NUMBER
ISBN 9789250072531
020 ## - INTERNATIONAL STANDARD BOOK NUMBER
ISBN 9250072538
040 ## - CATALOGING SOURCE
Transcribing agency BTCTA
082 ## - DEWEY DECIMAL CLASSIFICATION NUMBER
Classification number 639 FOO 2012 A056 Or.
245 00 - TITLE STATEMENT
Title Fao Yearbook. Fishery and Aquaculture Statistics
Remainder of title 2010.
260 ## - PUBLICATION, DISTRIBUTION, ETC. (IMPRINT)
Name of publisher Food and Agriculture Organization
Year of publication 2012.
300 ## - PHYSICAL DESCRIPTION
Number of Pages 24, 78 p.
Dimensions 30 cm.
500 ## - GENERAL NOTE
General note includes CD-ROM in back of book
942 ## - ADDED ENTRY ELEMENTS (KOHA)
Koha item type សៀវភៅភាសាអង់គ្លេស
952 ## - LOCATION AND ITEM INFORMATION (KOHA)
Withdrawn status [LOCAL, KOHA] 0
Holdings
Permanent Location Date acquired Koha item type Lost status Shelving location Barcode Current Location Full call number
Library Block A2017-12-06សៀវភៅភាសាអង់គ្លេស A078A11941Library Block A639 FOO 2012 A078 Or.
មជ្ឈមណ្ឌលឯការនៃសាកលវិទ្យាល័យភូមិន្ទកសិកម្មចំការដូង

Powered by Koha